[Event "4NCL 2017-18"]
[Site "England ENG"]
[Date "2018.05.06"]
[Round "10.21"]
[White "Alsina Leal, Daniel"]
[Black "Howell, David W L"]
[Result "1/2-1/2"]
[WhiteTitle "GM"]
[BlackTitle "GM"]
[WhiteElo "2487"]
[BlackElo "2701"]
[WhiteTeam "White Rose"]
[BlackTeam "Cheddleton"]
[WhiteFideId "2252627"]
[BlackFideId "410608"]
[EventDate "2017.11.11"]

1. d4 Nf6 2. c4 e6 3. Nf3 b6 4. g3 Bb7 5. Bg2 g6 6. O-O Bg7 7. Nc3 Ne4 8. Qd3
Nxc3 9. Qxc3 O-O 10. Bg5 Qc8 11. Qd2 d6 12. Rfe1 Be4 13. Qf4 f5 14. Bh6 Nc6 15.
Bxg7 Kxg7 16. c5 bxc5 17. dxc5 e5 18. Qd2 d5 19. Ng5 Bxg2 20. Kxg2 d4 21. e3 h6
22. Nf3 Qb7 23. exd4 e4 24. Ng1 Nb4 25. Qc3 Rad8 26. d5+ Rf6 27. c6 Qb6 28. Rad1
Nxd5 29. Qe5 Qxc6 30. Ne2 Qd6 31. Qxd6 Rfxd6 32. Rc1 R8d7 33. a3 Nb6 34. Rc2 Rd2
35. Rec1 c5 36. b3 Kf6 37. Kf1 Rxc2 38. Rxc2 Rd1+ 39. Kg2 Nd7 40. b4 cxb4 41.
axb4 Rd6 42. b5 a6 43. bxa6 Rxa6 44. f3 Ke5 45. fxe4 fxe4 46. Rb2 Nc5 47. Rb5
Kd5 48. Rb8 Rd6 49. Ra8 Kc4 50. Rc8 g5 51. Kf2 Rf6+ 52. Ke1 Ra6 53. g4 Ra1+ 54.
Kf2 Ra2 55. Ke3 Ra3+ 56. Kf2 Rf3+ 57. Kg2 Rf7 58. Rd8 Ne6 59. Rd6 Nf4+ 60. Kf2
Nd5+ 61. Ke1 Rf6 62. Rd8 Ra6 63. Ng3 Ra1+ 64. Kf2 Ra2+ 65. Kg1 Ra1+ 66. Kf2 Ra2+
67. Kg1 e3 68. Rc8+ Kd4 69. Rd8 Ra5 70. Re8 Kd3 71. Rd8 Kd4 72. Kg2 Ra2+ 73. Kg1
Ke5 74. Rf8 Rb2 75. h3 Rb3 76. Re8+ Kd4 77. Ne2+ Kc5 78. Re5 Rb2 79. Kf1 Kd6 80.
Re4 Rb8 81. Ng3 Rb1+ 82. Kg2 Rb2+ 83. Kf1 Kc5 84. Ke1 Rb1+ 85. Ke2 Nc3+ 86. Kxe3
Re1+ 87. Kf3 Nxe4 88. Nxe4+ Kd4 89. Ng3 Re6 90. Kf2 Rf6+ 91. Kg2 Ra6 92. Nh5 Ke3
93. Kg3 Ra1 94. Kg2 Ra2+ 95. Kg3 Ke2 96. Kg2 Ke1+ 97. Kg1 Rb2 98. Ng3 Kd2 99.
Nf5 Kd3 100. Nxh6 Ke4 101. Nf5 Kf3 102. Kh1 Ra2 103. Kg1 Rg2+ 104. Kh1 Rd2 105.
Kg1 Ra2 106. Kh1 Ra1+ 107. Kh2 Rb1 108. Nd4+ Ke4 109. Ne6 Rb5 110. Kg3 Re5 111.
Ng7 Ra5 112. Ne6 Re5 113. Ng7 Rb5 114. Ne6 Ra5 115. Kg2 Re5 116. Ng7 Re7 117.
Nf5 Ra7 118. Ng3+ Kf4 119. Nh5+ Ke5 120. Kg3 Ra3+ 121. Kg2 Ke4 122. Ng3+ Ke3
123. Nh5 Ra2+ 124. Kg3 Ra1 125. Kg2 Ra2+ 126. Kg3 Ke2 127. Kg2 Ke1+ 128. Kg1 Rf2
129. Ng3 Rf4 130. Kg2 Kd2 131. Nh5 Rf7 132. h4 gxh4 133. Kh3 Ke3 134. Kxh4 Rf1
135. Kg5 Ra1 136. Ng7 Kf3 137. Nf5 Ra5 138. Kf6 Kf4 139. Nd6 Rg5 140. Nf7 Rxg4
141. Nd6 Rg1 142. Ke6 Ra1 143. Kd5 Ra5+ 144. Kd4 Kg5 145. Nc4 Ra4 146. Kd5 Kf6
147. Ne3 Ra5+ 148. Ke4 Ke6 149. Nc4 Rd5 150. Ne3 Rh5 151. Kf4 Rh4+ 152. Kf3 Ra4
153. Ng4 Kd5 154. Ne3+ Kd4 155. Ng4 Ra8 156. Kf4 Rf8+ 157. Kg5 Rf1 158. Nf6 Ke5
159. Ng4+ Ke6 160. Ne3 Rf3 161. Ng4 Rf5+ 162. Kg6 Ra5 163. Ne3 Rc5 164. Ng4 Rb5
165. Nh6 Ke5 166. Nf7+ Kf4 167. Kf6 Rb6+ 168. Ke7 Ke4 169. Nd6+ Kd5 170. Nf7 Ra6
171. Ng5 Rh6 172. Nf7 Rg6 173. Nd8 Rd6 174. Nf7 Re6+ 175. Kd7 Re1 176. Ng5 Rf1
177. Ke7 Rf2 178. Nf7 Rf5 179. Nh6 Re5+ 180. Kd7 Kc5 181. Nf7 Re1 182. Ng5 Rd1+
183. Ke6 Rd6+ 184. Ke5 Rd5+ 185. Kf4 Rxg5 186. Kxg5 1/2-1/2

[Event "4NCL 2017-18"]
[Site "England ENG"]
[Date "2018.05.06"]
[Round "10.22"]
[White "Hawkins, Jonathan"]
[Black "Adair, James R"]
[Result "1/2-1/2"]
[WhiteTitle "GM"]
[BlackTitle "IM"]
[WhiteElo "2589"]
[BlackElo "2486"]
[WhiteTeam "Cheddleton"]
[BlackTeam "White Rose"]
[WhiteFideId "412686"]
[BlackFideId "406252"]
[EventDate "2017.11.11"]

1. d4 Nf6 2. c4 e6 3. Nf3 d5 4. Nc3 Bb4 5. cxd5 exd5 6. Bg5 h6 7. Bh4 O-O 8. e3
Bf5 9. Qb3 Bxc3+ 10. bxc3 Nbd7 11. Be2 c5 12. O-O c4 13. Qxb7 Qb6 14. Qxb6 axb6
15. a4 Ne4 16. Rfc1 g5 17. Bg3 b5 18. a5 Ra7 19. Ne5 Nxe5 20. dxe5 Rfa8 21. f3
Nxg3 22. hxg3 Rxa5 23. Rxa5 Rxa5 24. g4 Bg6 1/2-1/2

[Event "4NCL 2017-18"]
[Site "England ENG"]
[Date "2018.05.06"]
[Round "10.23"]
[White "Wells, Peter K"]
[Black "Fodor, Tamas Jr."]
[Result "1/2-1/2"]
[WhiteTitle "GM"]
[BlackTitle "GM"]
[WhiteElo "2418"]
[BlackElo "2503"]
[WhiteTeam "White Rose"]
[BlackTeam "Cheddleton"]
[WhiteFideId "400327"]
[BlackFideId "723762"]
[EventDate "2017.11.11"]

1. d4 Nf6 2. c4 e6 3. Nf3 Bb4+ 4. Bd2 c5 5. Bxb4 cxb4 6. g3 O-O 7. Bg2 d6 8. O-O
Nc6 9. d5 exd5 10. cxd5 Ne7 11. Ne1 Qa5 12. e4 Bd7 1/2-1/2

[Event "4NCL 2017-18"]
[Site "England ENG"]
[Date "2018.05.06"]
[Round "10.24"]
[White "Williams, Simon K"]
[Black "Arakhamia-Grant, Ketevan"]
[Result "1/2-1/2"]
[WhiteTitle "GM"]
[BlackTitle "GM"]
[WhiteElo "2460"]
[BlackElo "2338"]
[WhiteTeam "Cheddleton"]
[BlackTeam "White Rose"]
[WhiteFideId "404454"]
[BlackFideId "13600168"]
[EventDate "2017.11.11"]

1. f4 Nf6 2. Nf3 g6 3. d3 Bg7 4. e4 d6 5. Be2 c5 6. O-O Nc6 7. Qe1 Bg4 8. Nbd2
Qc7 9. c3 h6 10. h3 Bxf3 11. Nxf3 e5 12. fxe5 dxe5 13. Be3 b6 14. Nd2 Qe7 15. a3
O-O 16. b4 Nd7 17. g4 Kh7 18. h4 Nd8 19. bxc5 bxc5 20. Rb1 1/2-1/2

[Event "4NCL 2017-18"]
[Site "England ENG"]
[Date "2018.05.06"]
[Round "10.25"]
[White "McNab, Colin A"]
[Black "Kirk, Ezra"]
[Result "1/2-1/2"]
[WhiteTitle "GM"]
[BlackTitle "IM"]
[WhiteElo "2416"]
[BlackElo "2420"]
[WhiteTeam "White Rose"]
[BlackTeam "Cheddleton"]
[WhiteFideId "2400030"]
[BlackFideId "600067"]
[EventDate "2017.11.11"]

1. Nf3 Nf6 2. c4 g6 3. g3 Bg7 4. Bg2 O-O 5. Nc3 d6 6. d4 Nc6 7. O-O a6 8. b3 Bd7
9. Bg5 h6 10. Bd2 e5 11. dxe5 dxe5 12. Rc1 Re8 13. Ne1 b5 14. Ne4 Nxe4 15. Bxe4
bxc4 16. Rxc4 Nd4 17. e3 Ne6 18. Bxa8 Qxa8 19. h4 Bb5 20. Qc2 g5 21. a4 Bxc4 22.
Qxc4 gxh4 23. gxh4 Kh8 24. Bc3 Rg8 25. Kh2 Qd8 26. Rg1 Nd4 27. Rg3 Nf5 28. Rg4
Qd1 29. Rg1 Nd6 30. Qd3 Qxb3 31. Rxg7 Rxg7 32. Bxe5 Qxa4 33. Ng2 Qc4 34. Qb1 Qe4
35. Bxg7+ Kxg7 36. Qa1+ Kh7 37. Qxa6 Qf3 38. Qd3+ Kg8 39. Qc2 c6 40. Kg1 Nf5 41.
Qa4 Nd6 42. Ne1 Qd5 43. Qg4+ Kh7 44. Ng2 c5 45. Nf4 Qe5 46. Qd1 c4 47. Nd5 Kh8
48. Kf1 Nf5 49. Nf4 Qd6 50. Qxd6 Nxd6 51. Ke2 Kg7 52. f3 Nf5 53. Ng2 Kf6 54. Kd2
Kg6 55. Nf4+ Kf6 56. Ng2 Ke5 57. Kc3 Nd6 58. Nf4 f6 59. Kb4 Nf5 60. Ng6+ Ke6 61.
e4 Nd6 62. Kc3 Kd7 63. e5 fxe5 64. Nxe5+ Ke6 1/2-1/2

[Event "4NCL 2017-18"]
[Site "England ENG"]
[Date "2018.05.06"]
[Round "10.26"]
[White "Eggleston, David J"]
[Black "Townsend, M Paul"]
[Result "1-0"]
[WhiteTitle "IM"]
[WhiteElo "2407"]
[BlackElo "2216"]
[WhiteTeam "Cheddleton"]
[BlackTeam "White Rose"]
[WhiteFideId "412120"]
[BlackFideId "402320"]
[EventDate "2017.11.11"]

1. e4 e6 2. d4 d5 3. Nc3 Bb4 4. e5 c5 5. a3 Bxc3+ 6. bxc3 Qc7 7. Qg4 f5 8. Qg3
cxd4 9. cxd4 Ne7 10. Ne2 O-O 11. c3 b6 12. Nf4 Qd7 13. a4 Ba6 14. Bb5 Nec6 15.
h4 Bxb5 16. axb5 Na5 17. h5 Nb3 18. h6 Rf7 19. Rb1 Nxc1 20. Rxc1 Qxb5 21. hxg7
Rxg7 22. Qh4 Nc6 23. Nxe6 Qb2 24. Qh6 Rf7 25. O-O Ne7 26. c4 Re8 27. Ng5 Rg7 28.
Qe6+ Kf8 29. cxd5 Qxd4 30. Qf6+ 1-0

[Event "4NCL 2017-18"]
[Site "England ENG"]
[Date "2018.05.06"]
[Round "10.27"]
[White "Chow, Samuel"]
[Black "Arkell, Keith C"]
[Result "1-0"]
[WhiteTitle "FM"]
[BlackTitle "GM"]
[WhiteElo "2306"]
[BlackElo "2414"]
[WhiteTeam "White Rose"]
[BlackTeam "Cheddleton"]
[WhiteFideId "3202992"]
[BlackFideId "400270"]
[EventDate "2017.11.11"]

1. d4 Nf6 2. c4 e6 3. g3 c5 4. Nf3 cxd4 5. Nxd4 Nc6 6. Bg2 Bc5 7. Nb3 Be7 8. O-O
b6 9. e4 Ba6 10. Re1 Bxc4 11. e5 Bxb3 12. axb3 Ng8 13. Nc3 Nh6 14. Bxh6 gxh6 15.
Qh5 Rc8 16. Qxh6 Bf8 17. Qh5 Bg7 18. Nb5 O-O 19. Nd6 Rc7 20. Be4 h6 21. f4 Nb4
22. Rad1 Qe7 23. g4 Nd5 24. Rf1 Ne3 25. g5 Nxd1 26. gxh6 f5 27. Rxd1 Bxe5 28.
fxe5 fxe4 29. Kh1 Kh8 30. Rg1 Rf2 31. Qg4 Qf8 32. Qg7+ Qxg7 33. hxg7+ Kg8 34.
Nxe4 Rcc2 35. Nf6+ Rxf6 36. exf6 Rf2 37. Rg6 d5 38. Rh6 1-0

[Event "4NCL 2017-18"]
[Site "England ENG"]
[Date "2018.05.06"]
[Round "10.28"]
[White "Steil-Antoni, Fiona"]
[Black "Weller, Jean-Luc"]
[Result "1/2-1/2"]
[WhiteTitle "WIM"]
[WhiteElo "2200"]
[BlackElo "2274"]
[WhiteTeam "Cheddleton"]
[BlackTeam "White Rose"]
[WhiteFideId "4001249"]
[BlackFideId "421936"]
[EventDate "2017.11.11"]

1. e4 e6 2. d4 d5 3. exd5 exd5 4. Nf3 Bd6 5. Bd3 Nc6 6. Nc3 Nge7 7. O-O Bg4 8.
h3 Bh5 9. Re1 Nb4 10. Bf5 c6 11. a3 Na6 12. Qd3 g6 13. Bg4 Bxg4 14. hxg4 Nc7 15.
Ne5 f6 16. Nf3 O-O 17. g5 Qd7 18. gxf6 Rxf6 19. Bg5 Rf5 20. Ne2 Ne6 21. Bxe7
Qxe7 22. Ng3 Bxg3 23. fxg3 Re8 24. Re3 Qf8 25. Rae1 Ng7 26. Ne5 Qd6 27. Ng4 Rxe3
28. Qxe3 Kf8 29. Nh6 Rf6 30. Ng4 Re6 31. Ne5 Kg8 32. c3 Ne8 33. Rf1 Rf6 34. Re1
Re6 35. Rf1 Rf6 36. Re1 Re6 1/2-1/2

[Event "4NCL 2017-18"]
[Site "England ENG"]
[Date "2018.05.06"]
[Round "10.31"]
[White "Tan, Justin2"]
[Black "Zhou, Yang-Fan"]
[Result "1/2-1/2"]
[WhiteTitle "IM"]
[BlackTitle "IM"]
[WhiteElo "2485"]
[BlackElo "2440"]
[WhiteTeam "Oxford"]
[BlackTeam "Guildford"]
[WhiteFideId "3206882"]
[BlackFideId "468584"]
[EventDate "2017.11.11"]

1. e4 c5 2. Nf3 Nc6 3. d4 cxd4 4. Nxd4 Nf6 5. Nc3 e5 6. Ndb5 d6 7. Bg5 a6 8. Na3
b5 9. Nd5 Be7 10. Bxf6 Bxf6 11. c4 1/2-1/2

[Event "4NCL 2017-18"]
[Site "England ENG"]
[Date "2018.05.06"]
[Round "10.32"]
[White "Trent, Lawrence"]
[Black "Martins, David Pires Tavares"]
[Result "0-1"]
[WhiteTitle "IM"]
[BlackTitle "IM"]
[WhiteElo "2417"]
[BlackElo "2395"]
[WhiteTeam "Guildford"]
[BlackTeam "Oxford"]
[WhiteFideId "408638"]
[BlackFideId "1909991"]
[EventDate "2017.11.11"]

1. Nf3 e6 2. b3 Nf6 3. Bb2 Be7 4. e3 b6 5. d4 c5 6. Nbd2 Bb7 7. Bd3 Nc6 8. a3
O-O 9. O-O Rc8 10. dxc5 bxc5 11. c4 Ng4 12. h3 Nh6 13. e4 f6 14. Nh2 Qc7 15. f4
Nd4 16. Ng4 Nxg4 17. Qxg4 f5 18. Qh5 g6 19. Qh6 fxe4 20. Bxd4 cxd4 21. Nxe4 Rf5
22. Ng3 Bg5 0-1

[Event "4NCL 2017-18"]
[Site "England ENG"]
[Date "2018.05.06"]
[Round "10.33"]
[White "Claridge-Hansen, William"]
[Black "Hebden, Mark L"]
[Result "1-0"]
[WhiteTitle "FM"]
[BlackTitle "GM"]
[WhiteElo "2276"]
[BlackElo "2458"]
[WhiteTeam "Oxford"]
[BlackTeam "Guildford"]
[WhiteFideId "422509"]
[BlackFideId "400084"]
[EventDate "2017.11.11"]

1. c4 g6 2. g3 Bg7 3. Bg2 Nf6 4. Nc3 O-O 5. e4 c5 6. Nge2 Nc6 7. d3 d6 8. O-O
Ne8 9. Be3 e5 10. Nd5 Nc7 11. Nxc7 Qxc7 12. Rb1 Rb8 13. Nc3 f5 14. Nd5 Qd8 15.
exf5 Bxf5 16. b4 b6 17. b5 Na5 18. Rc1 Qd7 19. Qd2 Rbe8 20. Be4 Bxe4 21. dxe4
Qg4 22. Nc7 Re7 23. Qxd6 Rff7 24. Qd8+ Bf8 25. Nd5 Rd7 26. Nf6+ Rxf6 27. Qxf6
Qxe4 28. Qe6+ Rf7 29. Rfd1 Qf5 30. Qxf5 gxf5 31. f3 Nb7 32. Rd5 Bd6 33. Rcd1 Rf6
34. Kg2 Kf7 35. Bd2 Re6 36. Bc3 Kg6 37. h4 h6 38. Re1 e4 39. h5+ Kxh5 40. g4+
Kg5 41. Rxf5+ Kg6 42. Rxe4 Rxe4 43. fxe4 Be7 44. e5 Nd8 45. Kf3 Ne6 46. Ke4 1-0

[Event "4NCL 2017-18"]
[Site "England ENG"]
[Date "2018.05.06"]
[Round "10.34"]
[White "Sarakauskas, Gediminas"]
[Black "Healey, Michael W"]
[Result "1-0"]
[WhiteTitle "IM"]
[WhiteElo "2424"]
[BlackElo "2141"]
[WhiteTeam "Guildford"]
[BlackTeam "Oxford"]
[WhiteFideId "12800724"]
[BlackFideId "410012"]
[EventDate "2017.11.11"]

1. e4 e5 2. Nf3 Nc6 3. Nc3 Nf6 4. d4 exd4 5. Nxd4 Bb4 6. Nxc6 bxc6 7. Bd3 d5 8.
exd5 cxd5 9. O-O c6 10. Bg5 Be6 11. Ne2 Qc7 12. Bxf6 gxf6 13. Nd4 Bd6 14. Qh5
O-O-O 15. Rae1 Be5 16. c3 Bxd4 17. cxd4 Qf4 18. Qd1 Rhg8 19. Re3 Qg4 20. g3 Qxd1
21. Rxd1 h6 22. Rf3 Bg4 23. Bf5+ Bxf5 24. Rxf5 Rg6 25. Kf1 Kd7 26. Ke2 Rb8 27.
Rd2 Ke6 28. Rf4 Kd6 29. h4 Re8+ 30. Kd3 Re6 31. Rc2 Rg8 32. Rc5 Rb8 33. b3 Rb7
34. Ra5 Kc7 35. Rf5 Kb6 36. Rc5 Rbe7 37. Rc2 Re8 38. Rh5 Rg8 39. Rxh6 Rg4 40.
Re2 c5 41. dxc5+ Kxc5 42. Rxe6 fxe6 43. Rxf6 e5 44. h5 e4+ 45. Ke2 Rg5 46. h6
Rh5 47. g4 Rh1 48. g5 d4 49. Rf8 d3+ 50. Kd2 Ra1 51. h7 Rxa2+ 52. Kc1 Ra1+ 53.
Kb2 d2 54. h8=Q Rb1+ 55. Ka3 Rxb3+ 56. Ka2 1-0

[Event "4NCL 2017-18"]
[Site "England ENG"]
[Date "2018.05.06"]
[Round "10.35"]
[White "Hansen, Hans-Peter"]
[Black "Suarez Real, Alberto"]
[Result "1/2-1/2"]
[BlackTitle "IM"]
[WhiteElo "2194"]
[BlackElo "2434"]
[WhiteTeam "Oxford"]
[BlackTeam "Guildford"]
[WhiteFideId "1503502"]
[BlackFideId "2218534"]
[EventDate "2017.11.11"]

1. Nf3 Nf6 2. c4 g6 3. Nc3 Bg7 4. g3 O-O 5. Bg2 d6 6. O-O e5 7. d4 Nbd7 8. e4
exd4 9. Nxd4 Re8 10. h3 a6 11. Re1 Rb8 12. a4 Ne5 13. b3 Bd7 14. Ra2 Qc8 15. Kh2
Nc6 16. Be3 Nb4 1/2-1/2

[Event "4NCL 2017-18"]
[Site "England ENG"]
[Date "2018.05.06"]
[Round "10.36"]
[White "Wadsworth, Matthew J"]
[Black "Dickinson, Tim R"]
[Result "1-0"]
[WhiteTitle "FM"]
[WhiteElo "2354"]
[BlackElo "2049"]
[WhiteTeam "Guildford"]
[BlackTeam "Oxford"]
[WhiteFideId "415804"]
[BlackFideId "405728"]
[EventDate "2017.11.11"]

1. g3 d5 2. Nf3 Bg4 3. Bg2 e6 4. c4 c6 5. cxd5 exd5 6. d3 Nd7 7. O-O Ngf6 8. Nc3
Bxf3 9. Bxf3 d4 10. Ne4 Nxe4 11. Bxe4 g6 12. Bd2 Bg7 13. Rc1 O-O 14. Bf3 Qe7 15.
Qb3 Rab8 16. Qa4 a6 17. b4 Rfc8 18. Qb3 Qe6 19. Qxe6 fxe6 20. a4 Nb6 21. a5 Nd5
22. Rc4 Rd8 23. Kg2 Rd7 24. e4 Nc7 25. Bg4 Rf7 26. f4 e5 27. f5 Re8 28. Rcc1 Nb5
29. Bd1 Rf6 30. Bb3+ Kf8 31. Bg5 Ke7 32. fxg6 hxg6 33. Rc2 Rf8 34. Rcf2 Nc7 35.
h4 Ne6 36. Bxf6+ Rxf6 37. Rxf6 Bxf6 38. Bxe6 Kxe6 39. Kh3 Be7 40. Rb1 Kf6 41. g4
Kg7 42. g5 Bd6 43. Kg4 Be7 44. h5 Bd6 45. h6+ Kg8 46. Rf1 Bxb4 47. Rf6 1-0

[Event "4NCL 2017-18"]
[Site "England ENG"]
[Date "2018.05.06"]
[Round "10.37"]
[White "Duggan, Christopher"]
[Black "Milliet, Sophie"]
[Result "0-1"]
[BlackTitle "IM"]
[WhiteElo "2027"]
[BlackElo "2391"]
[WhiteTeam "Oxford"]
[BlackTeam "Guildford"]
[WhiteFideId "413259"]
[BlackFideId "623725"]
[EventDate "2017.11.11"]

1. e4 c5 2. Nf3 e6 3. c3 Nf6 4. e5 Nd5 5. d4 cxd4 6. Qxd4 Nc6 7. Qe4 b6 8. Bc4
Nde7 9. Bg5 Bb7 10. Nbd2 Qc7 11. Qe2 Ng6 12. Ba6 Bxa6 13. Qxa6 Ngxe5 14. Nd4
Nxd4 15. cxd4 Nc6 16. O-O Bd6 17. Ne4 O-O 18. Nxd6 Qxd6 19. Rad1 Qd5 20. Bd2 f5
21. Qb7 Ne7 22. Qc7 Rfc8 23. Qe5 Qxe5 24. dxe5 Nd5 25. Rc1 Kf7 26. Rfd1 h6 27.
h4 Rc6 28. g3 Rac8 29. Rxc6 Rxc6 30. Rc1 Rxc1+ 31. Bxc1 Nb4 32. Bd2 Nd3 33. Bc3
Kg6 34. Kf1 f4 35. Ke2 fxg3 36. fxg3 Nc1+ 37. Kf3 Nxa2 38. Bd2 Kf5 0-1

[Event "4NCL 2017-18"]
[Site "England ENG"]
[Date "2018.05.06"]
[Round "10.38"]
[White "Golding, Alex"]
[Black "Matta, Francesca"]
[Result "1-0"]
[WhiteElo "2224"]
[BlackElo "1942"]
[WhiteTeam "Guildford"]
[BlackTeam "Oxford"]
[WhiteFideId "427241"]
[BlackFideId "818780"]
[EventDate "2017.11.11"]

1. e4 c5 2. Nf3 e6 3. Nc3 a6 4. d4 cxd4 5. Nxd4 Qc7 6. Be3 Nf6 7. a3 d6 8. g3 b5
9. Bg2 Bb7 10. O-O Be7 11. Nb3 O-O 12. Qe2 Nbd7 13. Rad1 Nc5 14. Nxc5 dxc5 15.
Bf4 Qc6 16. Rfe1 Rac8 17. Nd5 Bd8 18. Nxf6+ Bxf6 19. Rd6 Qe8 20. e5 Bxg2 21.
exf6 Bh3 22. fxg7 Kxg7 23. Qh5 Bf5 24. Bh6+ Kh8 25. Qg5 Bg6 26. Qf6+ Kg8 27.
Qg7# 1-0

[Event "4NCL 2017-18"]
[Site "England ENG"]
[Date "2018.05.06"]
[Round "10.41"]
[White "Roberson, Peter T"]
[Black "Turner, Matthew J"]
[Result "0-1"]
[WhiteTitle "IM"]
[BlackTitle "GM"]
[WhiteElo "2410"]
[BlackElo "2529"]
[WhiteTeam "Grantham Sharks"]
[BlackTeam "Barbican 4NCL"]
[WhiteFideId "412384"]
[BlackFideId "402893"]
[EventDate "2017.11.11"]

1. e4 e5 2. Nf3 Nc6 3. Bb5 a6 4. Ba4 Nf6 5. O-O b5 6. Bb3 Be7 7. Re1 d6 8. c3
O-O 9. h3 Be6 10. d4 Bxb3 11. axb3 exd4 12. cxd4 Re8 13. d5 Ne5 14. Nd4 c5 15.
dxc6 d5 16. exd5 Bc5 17. Nc2 Nxd5 18. Nc3 Nxc3 19. Qxd8 Raxd8 20. c7 Rc8 21.
bxc3 Rxc7 22. Rxa6 Bxf2+ 23. Kxf2 Nd3+ 24. Kf1 Nxe1 25. Nxe1 Rxc3 26. Bd2 Rxb3
27. Nf3 h6 28. Rb6 Re4 29. Be1 Rb1 30. Kf2 b4 31. Nd2 Rexe1 32. Nxb1 Rxb1 33. h4
b3 34. Kg3 b2 35. h5 Kf8 36. Rb7 Ke8 37. Kh2 Kd8 38. g3 Kc8 39. Rb3 Kd7 40. Kg2
Ke6 41. Rb5 Kf6 42. Kh2 g6 43. Rb6+ Kg7 44. hxg6 f6 45. Rb5 h5 46. Kg2 Kxg6 47.
Kh2 f5 48. Kg2 h4 49. Rb6+ Kg5 50. gxh4+ Kxh4 51. Rb4+ Kg5 52. Rb5 Kf6 53. Rb6+
Ke7 54. Rb7+ Kd6 55. Rb4 f4 56. Rxf4 Rc1 0-1

[Event "4NCL 2017-18"]
[Site "England ENG"]
[Date "2018.05.06"]
[Round "10.42"]
[White "Griffiths, Ryan Rhys"]
[Black "Rendle, Thomas E"]
[Result "1/2-1/2"]
[WhiteTitle "FM"]
[BlackTitle "IM"]
[WhiteElo "2353"]
[BlackElo "2365"]
[WhiteTeam "Barbican 4NCL"]
[BlackTeam "Grantham Sharks"]
[WhiteFideId "2502054"]
[BlackFideId "408760"]
[EventDate "2017.11.11"]

1. c4 e6 2. g3 Nf6 3. Bg2 d5 4. d4 Be7 5. Nf3 O-O 6. O-O dxc4 7. Qa4 a6 8. Qxc4
b5 9. Qc2 Bb7 10. Bd2 Be4 11. Qc1 c6 12. Rd1 Nbd7 1/2-1/2

[Event "4NCL 2017-18"]
[Site "England ENG"]
[Date "2018.05.06"]
[Round "10.43"]
[White "Daskalov, Dimitar"]
[Black "Grafl, Florian"]
[Result "1-0"]
[BlackTitle "IM"]
[WhiteElo "2320"]
[BlackElo "2369"]
[WhiteTeam "Grantham Sharks"]
[BlackTeam "Barbican 4NCL"]
[WhiteFideId "2902800"]
[BlackFideId "4645715"]
[EventDate "2017.11.11"]

1. e4 Nc6 2. d4 e5 3. d5 Nce7 4. g3 Nf6 5. Bg2 Ng6 6. Ne2 Bc5 7. O-O d6 8. c4
O-O 9. Nbc3 a6 10. h3 Bd7 11. a3 Ne8 12. Kh2 Ba7 13. Qd3 f5 14. exf5 Bxf5 15.
Be4 Qd7 16. Bxf5 Qxf5 17. Ne4 Ne7 18. Be3 Bxe3 19. fxe3 Qxf1 20. Rxf1 Rxf1 21.
Nf4 Re1 22. Qd2 Ra1 23. Ne6 Rf1 24. Qd3 Re1 25. g4 Ng6 26. Kg2 Rc1 27. Qd2 Rxc4
28. N4g5 Ra4 29. Qf2 Nf6 30. Qc2 Nxg4 31. Qxa4 Nxe3+ 32. Kf2 Nxd5 33. Qb3 Nge7
34. Nxc7 Rf8+ 35. Ke1 1-0

[Event "4NCL 2017-18"]
[Site "England ENG"]
[Date "2018.05.06"]
[Round "10.44"]
[White "D'Costa, Lorin A R"]
[Black "Bremner, Adam"]
[Result "1-0"]
[WhiteTitle "IM"]
[BlackTitle "CM"]
[WhiteElo "2386"]
[BlackElo "2218"]
[WhiteTeam "Barbican 4NCL"]
[BlackTeam "Grantham Sharks"]
[WhiteFideId "409219"]
[BlackFideId "2400847"]
[EventDate "2017.11.11"]

1. c4 e6 2. g3 d5 3. Bg2 Nf6 4. Nf3 Be7 5. O-O O-O 6. d4 dxc4 7. Qc2 b5 8. a4 b4
9. Nfd2 c6 10. Nxc4 Qxd4 11. Rd1 Qc5 12. Nbd2 Ba6 13. b3 Nbd7 14. Bb2 Rad8 15.
Rac1 Nb6 16. Bxf6 gxf6 17. Ne4 Qf5 18. Nxb6 axb6 19. Qxc6 Rxd1+ 20. Rxd1 Rc8 21.
Qxb6 Bxe2 22. Re1 Rc2 23. h3 Qe5 24. Qa7 Bf8 25. Qe3 Bh5 26. Qd3 Qb2 27. Nxf6+ 1-0

[Event "4NCL 2017-18"]
[Site "England ENG"]
[Date "2018.05.06"]
[Round "10.45"]
[White "Mcgowan, Daniel"]
[Black "Jackson, James P"]
[Result "0-1"]
[BlackTitle "FM"]
[WhiteElo "2151"]
[BlackElo "2364"]
[WhiteTeam "Grantham Sharks"]
[BlackTeam "Barbican 4NCL"]
[WhiteFideId "2401479"]
[BlackFideId "416860"]
[EventDate "2017.11.11"]

1. e4 e5 2. Nf3 Nc6 3. Bb5 a6 4. Ba4 Nf6 5. O-O Be7 6. Re1 b5 7. Bb3 d6 8. c3
O-O 9. h3 Nb8 10. d3 Nbd7 11. Nbd2 h6 12. Nf1 Re8 13. Ng3 Bf8 14. d4 Bb7 15. Bc2
g6 16. d5 c6 17. dxc6 Bxc6 18. h4 Nc5 19. Nh2 d5 20. exd5 Qxd5 21. Qxd5 Bxd5 22.
Nhf1 h5 23. Rd1 Bc6 24. Bg5 Nfe4 25. Nxe4 Nxe4 26. Bxe4 Bxe4 27. Ne3 Re6 28. Nd5
Bxd5 29. Rxd5 f6 30. Be3 Rd6 31. Rxd6 Bxd6 32. Rd1 Be7 33. Rd7 Kf8 34. Kf1 Rc8
35. Ke2 Kf7 36. Rb7 Rc6 37. Rb6 Rxb6 38. Bxb6 Ke6 39. b3 Kd5 40. Kd3 f5 41. g3
e4+ 42. Ke2 g5 43. hxg5 Bxg5 44. Bd4 f4 45. gxf4 Bxf4 46. Bf6 Kd6 47. Bh4 Kc6
48. f3 Kd5 49. c4+ bxc4 50. bxc4+ Kd4 51. fxe4 Kxe4 52. c5 Bc7 53. Be7 Be5 54.
Kf1 Kd5 55. Kg2 Bd4 56. Bd8 Bc3 57. Kh3 Be1 58. Be7 Bf2 59. Bd6 Bxc5 60. Bc7 Bf2
61. Ba5 Kc4 62. Kg2 Bh4 63. Kh3 Be7 64. Bc7 Kb4 65. Kg3 Ka3 66. Kh3 Kxa2 67. Kg3
Kb3 68. Kh3 Kc4 69. Kg3 Kd5 70. Kh3 Kc6 71. Ba5 Kd7 72. Bd2 Bd8 73. Bc3 Kc6 74.
Be1 Kb5 75. Bd2 Be7 76. Bc3 Bb4 77. Bb2 Be1 78. Bc1 a5 79. Ba3 a4 80. Bc1 Kb4
81. Bf4 Kb3 0-1

[Event "4NCL 2017-18"]
[Site "England ENG"]
[Date "2018.05.06"]
[Round "10.47"]
[White "Murphy, Hugh W"]
[Black "Cox, John J"]
[Result "1-0"]
[BlackTitle "IM"]
[WhiteElo "2097"]
[BlackElo "2314"]
[WhiteTeam "Grantham Sharks"]
[BlackTeam "Barbican 4NCL"]
[WhiteFideId "422444"]
[BlackFideId "401064"]
[EventDate "2017.11.11"]

1. d4 d5 2. Nf3 Nf6 3. e3 g6 4. Ne5 Bg7 5. Bd3 O-O 6. Nd2 c5 7. c3 Qc7 8. f4 b6
9. Qf3 Ba6 10. Bxa6 Nxa6 11. g4 Rad8 12. h4 h5 13. gxh5 Nxh5 14. Nf1 Qc8 15. Ng3
Nxg3 16. Qxg3 Qf5 17. Bd2 cxd4 18. exd4 Qh5 19. Nf3 Nc7 20. O-O-O Nb5 21. f5 Nd6
22. fxg6 Ne4 23. Qg2 fxg6 24. Ng5 Nf2 25. Ne6 Qf5 26. Nf4 Nxd1 27. Nxg6 Rf7 28.
Rxd1 Rd6 29. Ne5 Rff6 30. Rg1 Qh7 31. Bg5 Rfe6 32. Qf3 Rf6 33. Qg4 Rd8 34. Bxf6
exf6 35. Qe6+ 1-0